Statistics for Current countries that were founded before the year 1000

Click here to take the quiz!

General Stats

  • This quiz has been taken 42 times
  • The average score is 7 of 10

Answer Stats

DateAnswer% Correct
-221China
89%
-660Japan
86%
10th BCIran
81%
496 or 498France
72%
862Russia
64%
450San Marino
64%
Around 980Denmark
61%
8th BCEthiopia
61%
301Thailand
53%
966Poland
44%

Score Distribution

Percentile by Number Answered

Percent of People with Each Score

Your Score History

You have not taken this quiz